Vytvorenie aplikácie pre editovanie a formátovanie grafov v databáze údajov poisťovne využitím VBA v Microsoft Excel diplomová práca

Gespeichert in:
Bibliographische Detailangaben
1. Verfasser: Argaláš, Marek
Körperschaft: Fakulta hospodárskej informatiky EU. Katedra matematiky a aktuárstva
Weitere Verfasser: Mucha, Vladimír, 1976-
Format: Buch
Sprache:Slowakisch
Veröffentlicht: Bratislava 2014
Tags: Tag hinzufügen
Keine Tags, Fügen Sie das erste Tag hinzu!

MARC

LEADER 00000nbm a2200000 4500
001 0188582
005 20170201104526.5
041 0 |a slo 
044 |a SK 
245 1 0 |a Vytvorenie aplikácie pre editovanie a formátovanie grafov v databáze údajov poisťovne využitím VBA v Microsoft Excel  |b diplomová práca  |c Marek Argaláš ; školiteľ: Vladimír Mucha 
264 1 |a Bratislava  |c 2014 
300 |a 89 s. 
100 1 |a Argaláš, Marek 
700 1 |a Mucha, Vladimír, 1976- 
710 2 |a Fakulta hospodárskej informatiky EU. Katedra matematiky a aktuárstva